书目信息 |
| 题名: |
新型集成器件实用电路
|
|
| 作者: | 杨帮文 编 | |
| 分册: | ||
| 出版信息: | 北京 电子工业出版社 2006.01 |
|
| 页数: | 532页 | |
| 开本: | 26cm | |
| 丛书名: | 应用电路百例丛书 | |
| 单 册: | ||
| 中图分类: | TN4 | |
| 科图分类: | ||
| 主题词: | 集成电路--ji cheng dian lu | |
| 电子资源: | ||
| ISBN: | 7-121-01738-5 | |
| 000 | 00959nam 2200253 450 | |
| 001 | 012006009437 | |
| 005 | 20071217144208.01 | |
| 010 | @a7-121-01738-5@dCNY45.80 | |
| 100 | @a20060619d2006 km y0chiy0120 ea | |
| 101 | 0 | @achi |
| 102 | @aCN@b110000 | |
| 105 | @aa z 000yy | |
| 200 | 1 | @a新型集成器件实用电路@Axin xing ji cheng qi jian shi yong dian lu@f杨帮文编@Fyang bang wen bian |
| 205 | @a修订版 | |
| 210 | @a北京@c电子工业出版社@d2006.01 | |
| 215 | @a532页@c图@d26cm | |
| 225 | 2 | @a应用电路百例丛书@Aying yong dian lu bai li cong shu |
| 330 | @a本书收集了近年来国内外各种型号的具有代表性的集成电路,详细介绍了它们的电路工作原理、实际应用,以及设计、组装和制作方法。全书分为21章,分别介绍了集成器件在红外控制、遥控、温度控制、彩灯控制、定时、电子表格等。 | |
| 410 | 0 | @12001 @a应用电路百例丛书 |
| 606 | 0 | @a集成电路@Aji cheng dian lu |
| 690 | @aTN4@v4 | |
| 701 | 0 | @a杨帮文@Ayang bang wen@4编 |
| 801 | 0 | @aCN@c20071217 |
| 905 | @dTN4@eY147 | |
| 新型集成器件实用电路/杨帮文编.-修订版.-北京:电子工业出版社,2006.01 |
| 532页:图;26cm.-(应用电路百例丛书) |
| ISBN 7-121-01738-5:CNY45.80 |
| 本书收集了近年来国内外各种型号的具有代表性的集成电路,详细介绍了它们的电路工作原理、实际应用,以及设计、组装和制作方法。全书分为21章,分别介绍了集成器件在红外控制、遥控、温度控制、彩灯控制、定时、电子表格等。 |
| ● |
| 相关链接 |
|
|
|
正题名:新型集成器件实用电路
索取号:TN4/Y147
 
预约/预借
| 序号 | 登录号 | 条形码 | 馆藏地/架位号 | 状态 | 备注 |
| 1 | 1574894 | 215748948 | 自科库301/301自科库 26排3列2层/ | 在馆 | |
| 2 | 450841 | 204508416 | 自科库301/301自科库 19排4列3层/ [索取号:TN4/Y147] | 在馆 | |
| 3 | 589977 | 205899777 | 自科二线404/404自科库 17排2列6层/ [索取号:TN4/Y147] | 在馆 | |
| 4 | 589978 | 205899786 | 自科库301/404自科库 2排2列5层/ [索取号:TN4/Y147] | 在馆 | |
| 5 | 589979 | 205899795 | 自科库301/301自科库 26排3列2层/ [索取号:TN4/Y147] | 在馆 |